| 000 | 00659nam a2200205 a 4500 | ||
|---|---|---|---|
| 001 | 000035528 | ||
| 005 | 20200930074417.0 | ||
| 008 | 111103s1997 sp a 000 0 spa d | ||
| 020 | _a8486211358 | ||
| 040 |
_aDO-SdBNP _bspa _cBNPHU |
||
| 082 |
_axxxx _bC456t, 1997 |
||
| 100 | 1 |
_aChang, Fun _961417 |
|
| 240 | 1 | 0 | _aUtilise ce que tu es |
| 245 | 1 | 0 |
_aTodo cuanto necesitas esta en tí : _bun cuento chino / _cFun Chang ; traducción David García Valverde. |
| 250 | _a7a ed. | ||
| 260 |
_aMálaga, España : _bSirio, _c1997. |
||
| 300 |
_a74 p. : _bil. ; _c21 cm. |
||
| 500 | _aTítulo original en fránces. | ||
| 700 | 1 |
_aGarcía Valverde, David, _etr. _944294 |
|
| 999 |
_c35019 _d35019 |
||